Toán 1

Sách dạy học sinh Lớp 1 các số đếm từ 1 đến 100, các hình học, các phép tính, cách đo độ dài và đo thời gian.

Saved in:
Bibliographic Details
Main Author: Đỗ, Đình Hoan
Format: Book
Language:Undetermined
Published: Hà Nội Giáo dục 2010
Subjects:
Tags: Add Tag
No Tags, Be the first to tag this record!
Institutions: Trung tâm Học liệu Trường Đại học Cần Thơ
LEADER 00736nam a2200217Ia 4500
001 CTU_157712
008 210402s9999 xx 000 0 und d
020 |c 9300 
082 |a 372.7 
082 |b H406/L.1 
100 |a Đỗ, Đình Hoan 
245 0 |a Toán 1 
245 0 |c Đỗ Đình Hoan chủ biên 
260 |a Hà Nội 
260 |b Giáo dục 
260 |c 2010 
520 |a Sách dạy học sinh Lớp 1 các số đếm từ 1 đến 100, các hình học, các phép tính, cách đo độ dài và đo thời gian. 
650 |a Mathematics 
650 |x Study and teaching (Elementary) 
904 |i Bạch Trúc 
980 |a Trung tâm Học liệu Trường Đại học Cần Thơ